000
00185 a2200097 4500
020
_a
9788434816060
041
_a
spa
100
_a
Victor Carvajal
245
_a
Cuenta trapos
942
_c
K
999
_c
27321
_d
27321